La Cultura en los vendavales de la globalización: el desarrollo entre la exclusión y la instrumentación /
Salvato in:
| Autore principale: | |
|---|---|
| Natura: | testo |
| Soggetti: | |
| Tags: |
Aggiungi Tag
Nessun Tag, puoi essere il primo ad aggiungerne!!
|
MARC
| LEADER | 00000 a a2200000 04500 | ||
|---|---|---|---|
| 001 | 4935 | ||
| 003 | |||
| 040 | |||
| 100 | |a Kramer, Dieter | ||
| 245 | |a La Cultura en los vendavales de la globalización: |b el desarrollo entre la exclusión y la instrumentación / |c Dieter Kramer | ||
| 650 | |a GLOBALIZACION | ||
| 650 | |a CULTURA | ||
| 650 | |a CAMBIO CULTURAL | ||
| 650 | |a IDENTIDAD CULTURAL | ||
| 650 | |a INTEGRACION CULTURAL | ||
| 650 | |a ARTE | ||
| 650 | |a RELACIONES ECONOMICAS | ||
| 650 | |a MEDIOS DE COMUNICACION | ||
| 650 | |a DERECHO A LA CULTURA | ||
| 773 | |g número 3; páginas 8-13 | ||
| 999 | |c 29240 |d 29240 | ||
